Most populous countries in 1600 - Statistics

General Stats
  • This quiz has been taken 68 times
  • The average score is 9 of 20
Answer Stats
Population Country % Correct
5.6 mil England
92%
20 mil France
92%
9 mil Russia
85%
26 mil Ottoman Empire
75%
18.5 mil Tokugawa Japan
70%
7.8 mil Habsburg Monarchy
63%
5-10 mil Safavid Empire
62%
7.9 mil Polish-Lithuanian Commonwealth
60%
160 mil Ming Empire
45%
27-34 mil Holy Roman Empire
42%
9.8 mil Joseon
42%
5.6 mil Dai Viet
40%
115 mil Mughal Empire
33%
2.1 mil Ethiopia
28%
2.2 mil Morocco
28%
2.3 mil Burmese Taungoo Dynasty
23%
19 mil Iberian Union
15%
2 mil Venice
13%
2.7 mil Malla
10%
2.2 mil Ayutthaya
5%
No matching quizzes found
Score Distribution
Percent of People with Each Score
Percentile by Number Answered
Your Score History
You have not taken this quiz